Ice axes for frozen seas : (Record no. 8480)

MARC details
000 -LEADER
fixed length control field 01169nam a22002537a 4500
003 - CONTROL NUMBER IDENTIFIER
control field GBCCL
005 - DATE AND TIME OF LATEST TRANSACTION
control field 20241126110651.0
008 - FIXED-LENGTH DATA ELEMENTS--GENERAL INFORMATION
fixed length control field 210225b ||||| |||| 00| 0 eng d
020 ## - INTERNATIONAL STANDARD BOOK NUMBER
International Standard Book Number 9781481302180
020 ## - INTERNATIONAL STANDARD BOOK NUMBER
International Standard Book Number 1481302183
020 ## - INTERNATIONAL STANDARD BOOK NUMBER
International Standard Book Number 9781481302203
020 ## - INTERNATIONAL STANDARD BOOK NUMBER
International Standard Book Number 1481302205
040 ## - CATALOGING SOURCE
Transcribing agency GBC
082 ## - DEWEY DECIMAL CLASSIFICATION NUMBER
Classification number 230
Item number BRU
100 ## - MAIN ENTRY--PERSONAL NAME
Personal name Brueggemann, Walter
9 (RLIN) 1793
245 ## - TITLE STATEMENT
Title Ice axes for frozen seas :
Remainder of title a biblical theology of provocation /
Statement of responsibility, etc. Walter Brueggemann ; edited by Davis Hankins.
260 ## - PUBLICATION, DISTRIBUTION, ETC.
Place of publication, distribution, etc. Waco, Texas :
Name of publisher, distributor, etc. Baylor University Press,
Date of publication, distribution, etc. [2014]
300 ## - PHYSICAL DESCRIPTION
Extent vi, 424 pages ;
Other physical details 24 cm
505 ## - FORMATTED CONTENTS NOTE
Formatted contents note Conflicted human agency --<br/>Conflicted divine agency --<br/>Misbegotten hope --<br/>Poems vs. memos --<br/>Biblical language --<br/>Food fight --<br/>Departure without arrival --<br/>The nightmare of amnesia --<br/>The antidote to amnesia --<br/>Double agency --<br/>From narrative to policy --<br/>The God who gives rest --<br/>Covenantal risks and rewards --<br/>Testimony --<br/>Obedience --<br/>Slow wisdom --<br/>Bail out --<br/>Jubilee.
650 ## - SUBJECT ADDED ENTRY--TOPICAL TERM
Topical term or geographic name entry element Bible.
Form subdivision Old Testament
General subdivision Criticism, interpretation, etc.
9 (RLIN) 11525
650 ## - SUBJECT ADDED ENTRY--TOPICAL TERM
Topical term or geographic name entry element Theology.
9 (RLIN) 631
650 ## - SUBJECT ADDED ENTRY--TOPICAL TERM
Topical term or geographic name entry element Bible.
Form subdivision Old Testament.
9 (RLIN) 6826
942 ## - ADDED ENTRY ELEMENTS (KOHA)
Source of classification or shelving scheme Dewey Decimal Classification
Koha item type Books
Holdings
Withdrawn status Lost status Source of classification or shelving scheme Damaged status Not for loan Home library Current Library Shelving location Date acquired Total checkouts Full call number Barcode Date last seen Copy number Price effective from Koha item type
    Dewey Decimal Classification     GRACE BIBLE COLLEGE GRACE BIBLE COLLEGE Theology 2021-02-25   230 BRU 020115 2025-05-01 c.1 2021-02-25 Books
© Grace Bible College Library 2025